Oxford Dictionaries Top 1000 English Words - 33 Start with I - Statistics

General Stats
  • This quiz has been taken 3,872 times
  • The average score is 11 of 33
Answer Stats
I % Correct
I
100%
In
99%
It
89%
If
80%
Into
76%
Its
61%
Idea
55%
Inside
54%
Important
37%
Information
35%
Interest
34%
Image
30%
Itself
30%
International
28%
Include
27%
Indeed
24%
Interesting
24%
Introduce
24%
Issue
23%
Increase
22%
Identify
19%
Improve
19%
Independent
19%
Instead
17%
Industry
14%
Involve
14%
Impact
12%
Individual
12%
Indicate
11%
Injury
11%
Interview
10%
Investment
10%
Influence
7%
No matching quizzes found
Score Distribution
Percent of People with Each Score
Percentile by Number Answered
Your Score History
You have not taken this quiz